The sign (Record no. 253824)

MARC details
000 -LEADER
fixed length control field 00236nam a2200097Ia 4500
082 ## - DEWEY DECIMAL CLASSIFICATION NUMBER
Classification number EF KHOU
008 - FIXED-LENGTH DATA ELEMENTS--GENERAL INFORMATION
fixed length control field 210817s9999 xx 000 0 und d
100 ## - MAIN ENTRY--PERSONAL NAME
Personal name KHOURY, Raymond London, 2009
9 (RLIN) 76364
245 #0 - TITLE STATEMENT
Title The sign
942 ## - ADDED ENTRY ELEMENTS
item type Books
Holdings
Withdrawn status Lost status Damaged status Not for loan Home library Current library Date acquired Cost, normal purchase price Total Checkouts Barcode Date last seen Price effective from item type
        Secunda Secunda 18.08.2021 147.89   33228022474876 18.08.2021 18.08.2021 Books